000 00819nam a22002657a 4500
001 32163
003 UA-OsUOA
005 20200224165058.0
007 ta
008 20050124b un ||||| |||| 00| 0 ukr d
020 _a5770783370
040 _aUA-OsUOA
_bukr
_cUA-OsUOA
_dUA-OsUOA
041 _aukr
044 _aUA
080 _a94(477).022
090 _a94(477).022
_bІ23
100 _aІванченко Р.
245 _aКиївська Русь: початки української держави
_bпосібник з історії
260 _aК.
_bПросвіта
_c1995
300 _a96 с.
_bІлюстрації
650 7 _a9 Географія. Біографії. Історія
_2UDC
942 _cBK
_2udc
955 _a2
999 _c318601
_d318601